01011nam a2200265 a 450000100060000000300080000600500170001400800410003102000400007203500190011204000270013104100080015808200290016610000300019524500680022525000120029326000310030530000360033650400510037265000580042383000690048194200120055099900170056295201660057966287BD-RjUL20211209081523.0170315s1997 nyuab b 001 0 eng  a0471162604 (cloth : acidfree paper) a(BD-RjUL)66417 aDLCcDLCdBD-RjULbeng aeng00a621.384156223bFRR 19971 aFreeman, Roger L.919618810aRadio system design for telecommunications /cRoger L. Freeman. a2nd ed. aNew York :bWiley,cc1997. axxiii, 887 p. :bill. ;c25 cm. aIncludes bibliographical references and index. 0aRadio relay systemsxDesign and construction.9196190 aWiley series in telecommunications and signal processing9196189 2ddccBK c66287d66287 00102ddc40718NFICaRUCLbRUCLcReadingd1999-02-16eDhaka, Paragon Enterpries Ltd.g3523.00l0o621.384156 FRR 1997r2017-03-15 00:00:00tC-1w2017-03-15yBK